| 000 | 00000nam##2200000za#4500 |
| 001 | 9.697911 |
| 003 | CaOODSP |
| 005 | 20210624235706 |
| 007 | cr ||||||||||| |
| 008 | 150407|2005||||xxc|||||o f|0| 0 eng|d |
| 040 | |aCaOODSP|beng |
| 043 | |an-cn--- |
| 086 | 1 |aEn108-4/25-2005E-PDF |
| 110 | 1 |aCanada.|bCanadian Council of Ministers of the Environment. |
| 245 | 10|aGuidelines for compost quality |h[electronic resource] |
| 260 | |aWinnipeg - Manitoba : |bCanadian Council of Ministers of the Environment |cc2005. |
| 300 | |a26p.|bglossary, references, tables |
| 520 | 3 |aThese revised guidelines apply to compost that is sold, given away, or used on-site, but not to compost-based products such as potting soil mixes. The guidelines are based on four criteria: concentrations of trace elements such as arsenic, copper, and lead; concentrations of foreign matter; the presence of pathogens; and the maturity/stability of the compost. The guidelines are intended to provide national consistency in compost standards, and come into effect only if adopted by the regulatory authority. |
| 590 | |a13-13-Supp|b2013-05-21 |
| 690 | 07|aFertilizers|2gcpds |
| 775 | 08|tLignes directrices pour la qualité du compost |w(CaOODSP)9.641897 |
| 856 | 40|ahttp://publications.gc.ca|qPDF|s921 KB|uhttps://publications.gc.ca/collections/collection_2013/ccme/En108-4-25-2005-eng.pdf |
| 986 | |aPN 1340 |